[Event "Feffernitz op 26th"]
[Site "Feffernitz"]
[Date "2017.08.24"]
[Round "6"]
[White "Zauchner, Markus"]
[Black "Postlmayer, Jakob"]
[Result "1-0"]
[WhiteElo "1858"]
[BlackElo "1934"]
[PlyCount "121"]
[EventDate "2017.08.20"]
[EventType "swiss"]
[EventRounds "9"]
[EventCountry "AUT"]
[SourceTitle "CBM 180 Extra"]
[Source "ChessBase"]
[SourceDate "2017.10.06"]
[SourceVersion "1"]
[SourceVersionDate "2017.10.06"]
[SourceQuality "1"]

1. e4 c5 2. Nf3 e6 3. d4 cxd4 4. Nxd4 Nf6 5. Nc3 d6 6. Be3 Nc6 7. Be2 Be7 8. 0-0 0-0 9. Kh1 a6 10. Nb3 b5 11. f3 Bb7 12. a3 Qc7 13. Rc1 Rfd8 14. Qe1 Rac8 15. Qf2 Nd7 16. Rfd1 Nce5 17. a4 Nc4 18. Bxc4 bxc4 19. Nd4 Qa5 20. Nce2 Nc5 21. Ra1 Bf6 22. Bd2 Qc7 23. a5 d5 24. exd5 Bxd5 25. Be3 Rb8 26. Nf4 Rxb2 27. Rab1 Rxb1 28. Rxb1 e5 29. Nxd5 Rxd5 30. Ne2 Nd7 31. Bb6 Qd6 32. Nc3 Rd2 33. Qf1 Rxc2 34. Ne4 Qc6 35. Qd1 Ra2 36. Rc1 Nxb6 37. axb6 Qxb6 38. Rxc4 h6 39. Rc8+ Kh7 40. Nxf6+ gxf6 41. Qe1 Qd4 42. Rc1 f5 43. h3 Qb2 44. Qf1 Kg7 45. Rb1 Qd2 46. Rd1 Qg5 47. Ra1 Rxa1 48. Qxa1 Qf6 49. Qe1 f4 50. Qb4 Qc6 51. Qe1 Qd5 52. Qh4 Qe6 53. Qe1 f6 54. Qb4 Kg6 55. Qe1 Kg5 56. Kh2 Qb6 57. Qe4 Qd6 58. h4+ Kxh4 59. Qg6 h5 60. g3+ fxg3+ 61. Qxg3# 1-0

[Event "Feffernitz Raika op 22nd"]
[Site "Feffernitz"]
[Date "2013.08.25"]
[Round "9"]
[White "Raschun, Gerhard"]
[Black "Zauchner, Markus"]
[Result "1/2-1/2"]
[WhiteElo "1983"]
[BlackElo "1814"]
[PlyCount "34"]
[EventDate "2013.08.18"]
[EventType "swiss"]
[EventRounds "9"]
[EventCountry "AUT"]
[SourceTitle "CBM 156 Extra"]
[Source "ChessBase"]
[SourceDate "2013.10.22"]
[SourceVersion "1"]
[SourceVersionDate "2013.10.22"]
[SourceQuality "1"]

1. e4 e5 2. Nf3 Nc6 3. c3 d6 4. d4 exd4 5. cxd4 h6 6. Nc3 Bd7 7. Bd3 Nf6 8. 0-0 g6 9. e5 dxe5 10. Nxe5 Nxe5 11. Re1 Be6 12. Rxe5 Bd6 13. Re1 Kf8 14. Rxe6 fxe6 15. Bxg6 c6 16. Ne4 Nxe4 17. Bxe4 Bxh2+ 1/2-1/2

[Event "Feffernitz Raika op 22nd"]
[Site "Feffernitz"]
[Date "2013.08.24"]
[Round "8"]
[White "Zauchner, Markus"]
[Black "Pregl, Walter"]
[Result "0-1"]
[WhiteElo "1814"]
[BlackElo "2042"]
[PlyCount "44"]
[EventDate "2013.08.18"]
[EventType "swiss"]
[EventRounds "9"]
[EventCountry "AUT"]
[SourceTitle "CBM 156 Extra"]
[Source "ChessBase"]
[SourceDate "2013.10.22"]
[SourceVersion "1"]
[SourceVersionDate "2013.10.22"]
[SourceQuality "1"]

1. e4 e5 2. Nf3 Nc6 3. d4 exd4 4. Nxd4 Bc5 5. Nxc6 bxc6 6. Bc4 Qf6 7. 0-0 Ne7 8. Nc3 g5 9. Be3 Bd6 10. Bd4 Be5 11. Bxe5 Qxe5 12. Qf3 0-0 13. Qg3 Ng6 14. Be2 Nf4 15. h4 h6 16. hxg5 hxg5 17. Bg4 d6 18. Bf5 Bxf5 19. exf5 Qxf5 20. Qf3 Rfe8 21. Rfe1 d5 22. Ne2 Nxe2+ 0-1

[Event "Feffernitz Raika op 22nd"]
[Site "Feffernitz"]
[Date "2013.08.20"]
[Round "4"]
[White "Zauchner, Markus"]
[Black "Fitzke, Ulrich"]
[Result "1/2-1/2"]
[WhiteElo "1814"]
[BlackElo "1992"]
[PlyCount "106"]
[EventDate "2013.08.18"]
[EventType "swiss"]
[EventRounds "9"]
[EventCountry "AUT"]
[SourceTitle "CBM 156 Extra"]
[Source "ChessBase"]
[SourceDate "2013.10.22"]
[SourceVersion "1"]
[SourceVersionDate "2013.10.22"]
[SourceQuality "1"]

1. e4 c5 2. Nf3 Nc6 3. d4 cxd4 4. Nxd4 d6 5. Nc3 g6 6. Be2 Bg7 7. Be3 Nf6 8. 0-0 0-0 9. Nb3 a6 10. f4 e6 11. Bf3 Qc7 12. Qd2 b5 13. Rad1 Rd8 14. Qf2 Rb8 15. e5 Ne8 16. exd6 Rxd6 17. f5 Rxd1 18. Rxd1 Ne5 19. fxg6 Nxf3+ 20. Qxf3 hxg6 21. Nc5 Bf8 22. b4 Bb7 23. Qg4 Nf6 24. Qg5 Bg7 25. Bf4 Qc8 26. Bxb8 Qxb8 27. N3e4 Bxe4 28. Nxe4 Nd5 29. Nc5 Bf6 30. Qd2 Bc3 31. Qf2 Bxb4 32. Nxa6 Qf8 33. Nxb4 Qxb4 34. Rf1 Qe7 35. Rb1 b4 36. Qd4 Qc7 37. Qf2 Qc4 38. Rf1 Qc7 39. h3 Nc3 40. Ra1 Qe5 41. Re1 Qd5 42. Rf1 Qd7 43. Qc5 Nxa2 44. Ra1 Nc3 45. Qxb4 Ne2+ 46. Kh1 Ng3+ 47. Kh2 Qc7 48. Kg1 Ne2+ 49. Kf1 Qxc2 50. Qe1 Nf4 51. Ra8+ Kh7 52. Qh4+ Nh5 53. Kg1 Qc1+ 1/2-1/2

[Event "Feffernitz Raika op 07th"]
[Site "Feffernitz"]
[Date "1998.08.18"]
[Round "?"]
[White "Zauchner, Markus"]
[Black "Smajkic, Serif"]
[Result "0-1"]
[WhiteElo "1456"]
[BlackElo "1852"]
[PlyCount "92"]
[EventDate "1998.08.??"]
[EventType "swiss"]
[EventRounds "9"]
[EventCountry "AUT"]
[SourceTitle "EXT 2004"]
[Source "ChessBase"]
[SourceDate "2003.11.25"]
[SourceVersion "1"]
[SourceVersionDate "2003.11.25"]
[SourceQuality "1"]

1. e4 c5 2. Nf3 Nc6 3. Nc3 g6 4. Be2 Bg7 5. 0-0 e6 6. d3 Nge7 7. Be3 b6 8. Qd2 d5 9. exd5 exd5 10. Bh6 Bxh6 11. Qxh6 Nf5 12. Qg5 f6 13. Qd2 0-0 14. Rfe1 Bb7 15. a3 Ne5 16. Nxe5 fxe5 17. Bf3 Re8 18. Rad1 Nh4 19. Qe2 Qg5 20. Qe3 Nxf3+ 21. Qxf3 Rf8 22. Qg3 Qxg3 23. fxg3 Rae8 24. Rf1 Rxf1+ 25. Rxf1 Rf8 26. Rf2 Rxf2 27. Kxf2 Bc6 28. b3 Kf7 29. Kf3 Ke6 30. g4 b5 31. h4 a5 32. g3 b4 33. axb4 axb4 34. Na2 d4+ 35. Kf2 e4 36. Nc1 e3+ 37. Kf1 Bf3 38. g5 Kf5 39. Ne2 Bxe2+ 40. Kxe2 Kg4 41. h5 Kxg3 42. hxg6 hxg6 43. Kf1 Kf3 44. c4 dxc3 45. Ke1 c2 46. d4 c1Q# 0-1

[Event "Feffernitz Raika op 07th"]
[Site "Feffernitz"]
[Date "1998.08.17"]
[Round "?"]
[White "Nickl, Klaus"]
[Black "Zauchner, Markus"]
[Result "1-0"]
[WhiteElo "2180"]
[BlackElo "1456"]
[PlyCount "75"]
[EventDate "1998.08.??"]
[EventType "swiss"]
[EventRounds "9"]
[EventCountry "AUT"]
[SourceTitle "EXT 2004"]
[Source "ChessBase"]
[SourceDate "2003.11.25"]
[SourceVersion "1"]
[SourceVersionDate "2003.11.25"]
[SourceQuality "1"]

1. d4 d5 2. e4 dxe4 3. Nc3 Nf6 4. f3 exf3 5. Nxf3 e6 6. Bg5 Be7 7. Bd3 Nc6 8. Qd2 b6 9. 0-0-0 Bb7 10. Qf4 Qd6 11. Nb5 Qxf4+ 12. Bxf4 0-0 13. Nxc7 Rad8 14. Nb5 Ba6 15. Nxa7 Nxa7 16. Bxa6 Nc6 17. a3 Ne4 18. Rhe1 Nf2 19. Rd2 Ng4 20. Bc7 Bb4 21. axb4 Ra8 22. b5 Rac8 23. Bd6 Rfd8 24. Ba3 Ra8 25. bxc6 Rxa6 26. d5 exd5 27. Rxd5 Raa8 28. Rxd8+ Rxd8 29. c7 Rc8 30. Rd1 h6 31. Rd8+ Rxd8 32. cxd8Q+ Kh7 33. Qd7 Nf6 34. Qxf7 b5 35. Bf8 Nh5 36. g4 b4 37. gxh5 b3 38. Bxg7 1-0